Statistics for Tier 3 Countries (Trafficking in Persons 2015)

Click here to take the quiz!

General Stats

  • This quiz has been taken 8 times
  • The average score is 11 of 23

Answer Stats

Answer % Correct
Libya
86%
Russia
86%
North Korea
86%
Algeria
71%
Syria
71%
Eritrea
71%
Zimbabwe
57%
Belarus
57%
Iran
57%
Mauritania
57%
South Sudan
57%
Yemen
57%
Venezuela
57%
Gambia
43%
Burundi
43%
Central African Republic
43%
Equatorial Guinea
43%
Thailand
43%
Guinea-Bissau
29%
Kuwait
14%
Belize
14%
Comoros
0%
Marshall Islands
0%

Score Distribution

Percentile by Number Answered

Percent of People with Each Score

Your Score History

You have not taken this quiz